| 000 | 00866cam a22002651 4500 | ||
|---|---|---|---|
| 001 | sa 65008201 | ||
| 003 | DLC | ||
| 005 | 20260227112154.0 | ||
| 008 | 870806s1964 pk 000 0 eng | ||
| 010 | _asa 65008201 | ||
| 025 | _aPL480:P-E-786 | ||
| 035 | _a(OCoLC)16396223 | ||
| 040 |
_aDLC _cWaU _dDLC |
||
| 042 | _apremarc | ||
| 050 | 0 | 0 |
_aLB1617.P143 _bD5 |
| 100 | 1 |
_aDil, Anwar S., _eed. |
|
| 245 | 1 | 0 |
_aDeveloping secondary education in West Pakistan. _cEdited by Anwar S. Dil [and] Afia Dil. |
| 260 |
_aLahore, _bEducation Extention Centre, _c1964. |
||
| 300 |
_a214 p. _c22 cm. |
||
| 500 | _a"Papers ... contributed by the faculty of the Education Extension Centre for West Pakistan." | ||
| 650 | 0 | _aEducation, Secondary. | |
| 650 | 0 |
_aEducation _zPakistan. |
|
| 610 | 1 | 0 |
_aLahore. _bEducation Extension Centre. |
| 700 | 1 |
_aDil, Afia, _ejoint editor. |
|
| 999 |
_c65635 _d65635 |
||